| 000 | 00367nam a2200121Ia 4500 | ||
|---|---|---|---|
| 008 | 190216s9999||||xx |||||||||||||| ||und|| | ||
| 100 | _aPublication Division Author | ||
| 245 | 0 | _aSignatures | |
| 260 |
_bUniversity Of Calicut _c1992 |
||
| 300 | _a48p | ||
| 650 | _aModern Indian History-Modern Indian History-Modern Indian History-Modern Indian History | ||
| 942 | _cBK | ||
| 999 |
_c13633 _d13633 |
||